Eco-economy : building an economy for the earth

Bibliographic Details
Main Author: BROWN 1934-
Corporate Author: Earth Policy Institute
Format: Book
Published: London : Earthscan , 2001
Subjects:

MARC

LEADER 00000cam a2200000 7i4500
001 0000002120
005 20021107.0
020 0 0 |a 1853838268 
090 0 0 |a 333.7   |b BRO 2001 
100 1 0 |a BROWN   |h Lester Russell ,   |d 1934- 
245 1 0 |a Eco-economy :   |b building an economy for the earth   |c Lester R. Brown 
260 0 0 |a London :   |b Earthscan ,   |c 2001 
300 |a xviii, 333 p. :   |b charts, 1 map ;   |c 24 cm. 
500 0 0 |a Includes bibliography: (p. [277] - 322) and index 
650 0 0 |a Environmental economics 
710 1 1 |a Earth Policy Institute 
998 |a JPSM 
999 |a 0000003510   |b Monograph   |c Open Shelf   |e Default branch